000 02431cam a2200373 i 4500
001 a42521874
003 SIRSI
005 20250520100309.0
008 230803t20202020nyu b 000 0 eng d
010 _a 2023278522
020 _a9781949759228
035 _a(OCoLC)1244155817
040 _ctbs
041 _aeng
042 _alccopycat
050 _aBF637.S37
_bW54 2020
100 _aWiest, Brianna
_eauthor
_925267
245 1 4 _aThe mountain is you
_b: transforming self-sabotage into self-mastery
_c/ Brianna Wiest.
246 3 0 _aTransforming self-sabotage into self-mastery.
250 _aFirst edition.
260 _aNew York, NY :
_bThought Catalog Books,
_c2020.
300 _a241 pages ;
_c21 cm.
504 _aIncludes bibliographical references (pages 240-241).
505 0 _aIntroduction — The mountain is you — There's no such thing as self-sabotage — Your triggers are the guides to your freedom — Building emotional intelligence — Releasing the past — Building a new future — From self-sabotage to self-mastery.
520 _aThis is a book about self-sabotage. Why we do it, when we do it, and how to stop doing it-for good. Coexisting but conflicting needs create self-sabotaging behaviors. This is why we resist efforts to change, often until they feel completely futile. But by extracting crucial insight from our most damaging habits, building emotional intelligence by better understanding our brains and bodies, releasing past experiences at a cellular level, and learning to act as our highest potential future selves, we can step out of our own way and into our potential. For centuries, the mountain has been used as a metaphor for the big challenges we face, especially ones that seem impossible to overcome. To scale our mountains, we actually have to do the deep internal work of excavating trauma, building resilience, and adjusting how we show up for the climb. In the end, it is not the mountain we master, but ourselves.
650 0 _aSelf-defeating behavior
_910129
650 0 _aSelf-actualization (Psychology)
_97023
650 0 _aSelf-realization.
_0http://id.loc.gov/authorities/subjects/sh85119788
_96708
650 0 _aSelf-esteem
_98844
650 0 _aSelf-perception
_0http://id.loc.gov/authorities/subjects/sh85119775
_911650
650 1 0 _aSelf concept
_0https://id.nlm.nih.gov/mesh/D012649
_910677
655 0 _aSelf-help publications
_923836
942 _2lcc
999 _c4679
_d4679